| 000 | 005080000a22001810004500 | ||
|---|---|---|---|
| 003 | MACL | ||
| 005 | 20151017122345.0 | ||
| 008 | 151017b xxu||||| |||| 00| 0 eng d | ||
| 040 |
_aMACL _cMACL |
||
| 041 | _aEnglish | ||
| 082 | _a920/MON | ||
| 100 |
_aMondal, B _915596 |
||
| 245 |
_aContemporary Events & Politics Subhas Chandra Bose _bPresicency College to Presidency jail |
||
| 260 |
_bDas Gupta & Co Pvt ltd _c2009 _aKolkata |
||
| 350 | _a850 | ||
| 650 |
_aBiography _915597 |
||
| 942 |
_cBK _k920/MON _2ddc |
||
| 999 |
_c42214 _d42214 |
||